| 000 | 00865nam a2200265 i 4500 | ||
|---|---|---|---|
| 001 | 147569 | ||
| 003 | ES-MaACL | ||
| 005 | 20230906202113.0 | ||
| 007 | t| | ||
| 008 | 071003s1985 sp |||| | spa d | ||
| 020 | _a84-306-1252-1 | ||
| 080 | _a655.52(430) | ||
| 080 | _a830.09"19" | ||
| 100 | 1 |
_aUnseld, Siegfried. _9112024 |
|
| 245 | 1 | 3 |
_aEl autor y su editor _b: conferencias en Maguncia y Austin / _cSiegfried Unseld ; versión castellana de Genoveva y Antón Dieterich. |
| 260 |
_aMadrid : _bTaurus, _c1985. |
||
| 300 |
_a251 p. ; _c21 cm. |
||
| 490 | 1 |
_aEnsayistas ; _v252 |
|
| 650 | 1 | 4 |
_aEscritores y editores- _zAlemania. _912397 |
| 650 | 1 | 4 |
_aLiteratura alemana- _yS.XX- _xHistoria y crítica. _914501 |
| 700 | 1 |
_aDieterich, Genoveva. _9160205 |
|
| 830 | 0 |
_aEnsayistas ; _v252 _9177257 |
|
| 852 |
_aES-MaACL _jL-8593 |
||
| 999 |
_c147569 _d147569 |
||